Statistiques concernant Six pays les plus proches - Gambie

Cliquez ici pour prendre le quiz!

Statistiques générales

  • Ce quiz a été pris 42 fois
  • Le résultat moyen est 4 sur 6

Statistiques - réponses

kmpays% Correct
0Sénégal
95%
214Mauritanie
79%
74Guinée
71%
189Mali
71%
61Guinée-Bissau
63%
413Sierra Leone
39%

Distribution des résultats

Percentile par nombre de réponses

% des personnes avec chaque résultat

Votre développement - résultats

Vous n’avez pas pris ce quiz